|
|
|
|
| LEADER |
01302nam a2200397 i 4500 |
| 001 |
nkc20162798238 |
| 003 |
CZ PrNK |
| 005 |
20160718093320.0 |
| 007 |
ta |
| 008 |
160512s2016 xr a g 000 p cze |
| 015 |
|
|
|a cnb002798238
|
| 020 |
|
|
|a 978-80-905515-5-8
|q (vázáno)
|
| 035 |
|
|
|a (OCoLC)956489105
|
| 040 |
|
|
|a BOA001
|b cze
|d ABA001
|e rda
|
| 072 |
|
7 |
|a 821.162.3-1
|x Česká poezie
|2 Konspekt
|9 25
|
| 080 |
|
|
|a 821.162.3-1
|2 MRF
|
| 080 |
|
|
|a (0:82-1)
|2 MRF
|
| 080 |
|
|
|a (082.21)
|2 MRF
|
| 100 |
1 |
|
|a Macháček, Jan,
|d 1955-
|7 jk01072943
|4 aut
|
| 245 |
1 |
0 |
|a Příliš mladý na smrt, příliš starý na budoucnost :
|b deníky 2006-2015 /
|c Jan Macháček
|
| 246 |
1 |
8 |
|a Příliš
|
| 250 |
|
|
|a První vydání
|
| 264 |
|
1 |
|a Hoštice :
|b Aleš Prstek,
|c 2016
|
| 300 |
|
|
|a 95 stran :
|b barevné ilustrace ;
|c 22 cm
|
| 336 |
|
|
|a text
|b txt
|2 rdacontent
|
| 337 |
|
|
|a bez média
|b n
|2 rdamedia
|
| 338 |
|
|
|a svazek
|b nc
|2 rdacarrier
|
| 655 |
|
7 |
|a česká poezie
|7 fd133958
|2 czenas
|
| 655 |
|
7 |
|a výbory
|7 fd133853
|2 czenas
|
| 655 |
|
9 |
|a Czech poetry
|2 eczenas
|
| 655 |
|
9 |
|a selected works
|2 eczenas
|
| 910 |
2 |
|
|a BOA001
|b 2-1369.364
|
| 990 |
|
|
|a BK
|
| 995 |
|
|
|a 01
|
| 991 |
|
|
|b 201607
|c NOV
|
| 996 |
6 |
|
|b 2610674957
|c 2-1369.364
|l MZK
|r Sklad / do 1 hodiny
|n 0
|p p.v.
|w 001567503
|u 000010
|a 1
|e BOA001
|j MZK50
|s P
|